| 000 | 01048nac a22002651u 4500 | ||
|---|---|---|---|
| 010 | _a 98060954 | ||
| 020 | _a0803979967 | ||
| 020 | _a0803979975 (pbk.) | ||
| 035 | _a(OCoLC)40275232 | ||
| 082 |
_a364.373 _bCOL |
||
| 090 |
_c6485 _d6485 |
||
| 100 | _aCollier, Richard, | ||
| 245 | 1 | 0 |
_aMasculinities, crime, and criminology : _bmen, heterosexuality, and the criminal(ised) other / _cRichard Collier. |
| 260 |
_aLondon ; _aThousand Oaks : _bSage Publications,c.1998. _cc.1998. |
||
| 300 |
_axiv, 205 p. ; _c24 cm. |
||
| 500 | _aDistributer: Al-Ahram. | ||
| 504 | _aIncludes bibliographical references (p. [183]-200) and index. | ||
| 511 | _aCatalogued By: Mahitab. | ||
| 650 | 0 |
_aCrime _xSex differences. |
|
| 650 | 0 | _aMasculinity. | |
| 650 | 0 | _aCriminal behavior. | |
| 856 | 4 | 2 |
_3Publisher description _uhttp://www.loc.gov/catdir/enhancements/fy0656/98060954-d.html |
| 856 | 4 | 2 |
_3Table of contents only _uhttp://www.loc.gov/catdir/enhancements/fy0656/98060954-t.html |
| 942 |
_cBB _k364.373 COL |
||
| 999 |
_c6485 _d6485 |
||